[Event "Bordeaux-ch 48th"]
[Site "Bordeaux"]
[Date "2015.05.14"]
[Round "5"]
[White "Cazeaux, Didier"]
[Black "Perez, Patrick"]
[Result "1-0"]
[WhiteElo "1767"]
[BlackElo "1779"]
[PlyCount "93"]
[EventDate "2015.05.14"]
[EventType "swiss"]
[EventRounds "7"]
[EventCountry "FRA"]
[SourceTitle "CBM 166 Extra"]
[Source "ChessBase"]
[SourceDate "2015.06.18"]
[SourceVersion "1"]
[SourceVersionDate "2015.06.18"]
[SourceQuality "1"]

1. e4 g6 2. d4 Bg7 3. Nc3 d6 4. Be3 Nd7 5. Qd2 h6 6. h4 Ngf6 7. f3 h5 8. 0-0-0 a6 9. Nh3 b5 10. a3 Bb7 11. Qf2 c6 12. e5 dxe5 13. dxe5 Nd5 14. Nxd5 cxd5 15. e6 fxe6 16. Nf4 Nf8 17. Bd3 Qd6 18. Bxg6+ Nxg6 19. Nxg6 Rg8 20. Bc5 Qc7 21. Nxe7 Bh6+ 22. Kb1 Rg7 23. Nf5 exf5 24. Rhe1+ Kd7 25. g4 Bf4 26. gxf5 Bg3 27. Qd4 Rag8 28. Re6 Rf7 29. Rd3 Qf4 30. Re4 Qxf5 31. Rde3 Rgg7 32. Re6 Bc7 33. Qb4 Qf4 34. Bd4 Rh7 35. a4 Bd6 36. Bc5 Bxc5 37. Qxc5 Qc7 38. Qa7 Bc8 39. Qd4 Bb7 40. axb5 axb5 41. Qa7 Bc6 42. Qc5 Rhg7 43. f4 Rg1+ 44. Ka2 Qa5+ 45. Ra3 Qc7 46. Rxc6 Qxc6 47. Ra7+ 1-0

[Event "Bordeaux"]
[Site "Bordeaux"]
[Date "2013.10.31"]
[Round "8"]
[White "Armentia, Julien"]
[Black "Perez, Patrick"]
[Result "1-0"]
[WhiteElo "1637"]
[BlackElo "1807"]
[PlyCount "69"]
[EventDate "2013.10.26"]
[EventType "tourn"]
[EventRounds "9"]
[EventCountry "FRA"]
[SourceTitle "EXT 2015"]
[Source "ChessBase"]
[SourceDate "2014.11.20"]
[SourceVersion "1"]
[SourceVersionDate "2014.11.20"]
[SourceQuality "1"]

1. e4 g6 2. d4 Bg7 3. c4 d6 4. Nc3 e6 5. Be3 Ne7 6. Qd2 h6 7. Nf3 a6 8. a4 b6 9. Be2 Bb7 10. d5 e5 11. 0-0 Bc8 12. b4 Bg4 13. h3 Bxf3 14. Bxf3 a5 15. c5 axb4 16. cxd6 bxc3 17. dxe7 Qxe7 18. Qxc3 0-0 19. Rfc1 Rc8 20. Bxb6 Nd7 21. Bxc7 Bf8 22. d6 Qf6 23. Qc6 Qe6 24. Bg4 f5 25. Be2 Kh7 26. Bb5 Bxd6 27. Qxd6 Qxd6 28. Bxd6 Nf6 29. exf5 gxf5 30. Bxe5 Ne4 31. Rxc8 Rxc8 32. Bd7 Rf8 33. a5 Kg6 34. a6 Rd8 35. a7 1-0

[Event "Ambes op 3rd"]
[Site "Ambes"]
[Date "2010.04.27"]
[Round "4"]
[White "Ternault, Mathieu"]
[Black "Perez, Patrick"]
[Result "1/2-1/2"]
[WhiteElo "1994"]
[BlackElo "1801"]
[PlyCount "83"]
[EventDate "2010.04.24"]
[EventType "swiss"]
[EventRounds "9"]
[EventCountry "FRA"]
[SourceTitle "EXT 2011"]
[Source "ChessBase"]
[SourceDate "2010.11.26"]
[SourceVersion "1"]
[SourceVersionDate "2010.11.26"]
[SourceQuality "1"]

1. d4 g6 2. Nf3 Bg7 3. e4 d6 4. c4 e6 5. Nc3 Nd7 6. Bg5 Ne7 7. Be2 a6 8. 0-0 c5 9. Qd2 h6 10. Be3 b6 11. Rad1 Bb7 12. Rfe1 Qc7 13. dxc5 dxc5 14. Bf4 e5 15. Bg3 Rd8 16. Nd5 Qb8 17. Bh4 f6 18. Qc2 g5 19. Bg3 h5 20. h3 Bc6 21. Qb3 Qb7 22. Nd2 Ng6 23. Nf1 Ndf8 24. Nfe3 Ne6 25. Nf5 Bf8 26. Rd2 Nd4 27. Qd1 Nxe2+ 28. Qxe2 Qb8 29. Red1 Kf7 30. Qf3 Re8 31. Nde3 Qc7 32. Nd5 Qb8 33. Qe2 Qc8 34. f3 Re6 35. Bf2 Qb7 36. Be3 h4 37. a3 Ba4 38. Rb1 a5 39. b3 Bc6 40. a4 Qa7 41. Rbd1 Qb7 42. Nc3 1/2-1/2

[Event "Ambes op 2nd"]
[Site "Ambes"]
[Date "2009.04.13"]
[Round "3"]
[White "Marimon, Frederic"]
[Black "Perez, Patrick"]
[Result "1-0"]
[WhiteElo "1701"]
[BlackElo "1840"]
[PlyCount "70"]
[EventDate "2009.04.11"]
[EventType "swiss"]
[EventRounds "9"]
[EventCountry "FRA"]
[SourceTitle "EXT 2012"]
[Source "ChessBase"]
[SourceDate "2011.11.24"]
[SourceVersion "1"]
[SourceVersionDate "2011.11.24"]
[SourceQuality "1"]

1. Nf3 g6 2. Nc3 Bg7 3. e3 d6 4. d4 e6 5. Bd3 Ne7 6. 0-0 a6 7. Ne4 Nd7 8. Nfg5 0-0 9. Ng3 Nf6 10. e4 h6 11. Nf3 Nd7 12. Be3 Kh7 13. Qd2 Ng8 14. Rad1 b6 15. e5 Bb7 16. Nh5 Bxf3 17. gxf3 dxe5 18. Nxg7 Kxg7 19. Kh1 exd4 20. Bxd4+ Ndf6 21. Qf4 Qe7 22. Rg1 Rfd8 23. Be5 Rd7 24. h4 Kf8 25. Rde1 Nh5 26. Qe3 Qxh4+ 27. Bh2 Qe7 28. Bxg6 fxg6 29. Rxg6 Ng7 30. Reg1 Qc5 31. Qf4+ Qf5 32. Qg3 Nf6 33. Rxg7 Rxg7 34. Qxg7+ Ke8 35. Qh8+ Ke7 1-0